000 00805nam a2200253Ia 4500
003 OSt
005 20220923214828.0
006 a|||||r|||| 00| 0
007 ta
008 220922b |||||||| |||| 00| 0 hin d
024 _a173,135
037 _cTextual
040 _aARTS
_cARTS
_bhin
041 _2hin
_ahin
082 _aO152,3N37,NM, K2
100 _aशर्मा, रेवती सरन
245 0 _aन मीत न मंजिल
246 _aN mīt n hinjila
260 _aदिल्ली
_b नेशनल पब्लि0 हाउस
_c1975
300 _a234पृ.
_ccm.
650 _aहिन्दी साहित्य
_9156264
942 _hO152,3N37,NM, K2
_cTEXL
_2CC
999 _c327042
_d327042